| Tag |
First Indicator |
Second Indicator |
Subfields |
| LEADER |
00000nam a2200000Ia 4500 |
| 001 |
in00004185621 |
| 005 |
20200807090142.0 |
| 006 |
m g d |
| 007 |
cr bn |||a|bb| |
| 008 |
821115s1666 enk o 00| | eng d |
| 035 |
|
|
|a (OCoLC)8959543
|
| 040 |
|
|
|a UMI
|c UMI
|d WaOLN
|
| 037 |
|
|
|a CL0037000043
|b ProQuest Information and Learning. 300 N. Zeeb Rd., Ann Arbor, MI 48106
|
| 043 |
|
|
|a e-uk-en
|
| 045 |
0 |
|
|b d1666
|
| 090 |
|
|
|a DA681
|b .K54
|
| 049 |
|
|
|a UMIA
|
| 100 |
1 |
|
|a Knight, Val.
|q (Valentine)
|
| 245 |
1 |
0 |
|a Proposals of a new model for rebuilding the city of London :
|b with houses, streets, and wharfs to be forthwith set out by His Majesty's and the city surveyors : with the advantages that will accrue by the building the same accordingly.
|
| 260 |
|
|
|a [London :
|b publisher not identified,
|c 1666]
|
| 300 |
|
|
|a 1 online resource (1 broadside.
|
| 336 |
|
|
|a text
|b txt
|2 rdacontent
|
| 337 |
|
|
|a computer
|b c
|2 rdamedia
|
| 338 |
|
|
|a online resource
|b cr
|2 rdacarrier
|
| 500 |
|
|
|a Signed and dated: Val. Knight, 20 Sept. 1666.
|
| 500 |
|
|
|a Reproduction of original in the Huntington Library.
|
| 510 |
4 |
|
|a Wing
|c K694A.
|
| 533 |
|
|
|a Electronic reproduction.
|b Ann Arbor, Mich. :
|c UMI,
|d 1999-
|f (Early English books online)
|n Digital version of: (Early English books, 1641-1700 ; 1288:8)
|7 s1999 miun s
|
| 651 |
|
0 |
|a London (England)
|x Fire, 1666.
|
| 830 |
|
0 |
|a Early English books online.
|
| 856 |
4 |
0 |
|u http://proxy.library.tamu.edu/login?url=https://search.proquest.com/docview/2264213483
|z Connect to the full text of this electronic book
|t 0
|
| 999 |
f |
f |
|s 2bc0c4e4-13b2-3b6e-a62b-8dbdd0c87035
|i 844033ac-42a8-3f02-b16c-a5ec6451b325
|t 0
|
| 952 |
f |
f |
|a Texas A&M University
|b College Station
|c Electronic Resources
|d Available Online
|t 0
|e DA681 .K54
|h Library of Congress classification
|
| 998 |
f |
f |
|a DA681 .K54
|t 0
|l Available Online
|